[Event "Lichtenberger Sommer"]
[Site "Berlin"]
[Date "2009.08.22"]
[Round "8.42"]
[White "Koischwitz, Wanja"]
[Black "Bauder, Herbert"]
[Result "1/2-1/2"]
[WhiteElo "1720"]
[BlackElo "2027"]
[PlyCount "66"]
[EventDate "2009.??.??"]
[WhiteTeam "Queer-Springer SSV Berlin"]
[BlackTeam "SG Lasker Steglitz-Wilmersdorf"]

1. d4 Nf6 2. Nf3 g6 3. e3 Bg7 4. Be2 O-O 5. O-O d5 6. b3 c5 7. Bb2 cxd4 8. exd4
Nc6 9. Ne5 Bf5 10. Nxc6 bxc6 11. Nd2 Nd7 12. Nf3 Qa5 13. Nh4 Be6 14. f4 Nf6 15.
f5 Bd7 16. fxg6 hxg6 17. Bd3 Bg4 18. Qc1 Kh7 19. Qe3 e6 20. Qg5 Bf5 21. Nxf5
exf5 22. Qh4+ Kg8 23. Rf3 Rfe8 24. a4 Re6 25. Raf1 Rae8 26. c3 Qd8 27. Rh3 Qe7
28. Bc1 Re1 29. Bh6 Rxf1+ 30. Bxf1 Qe1 31. Qxe1 Rxe1 32. Bxg7 Kxg7 33. Kf2 Rb1
1/2-1/2

[Event "Lichtenberger Sommer"]
[Site "Berlin"]
[Date "2009.08.22"]
[Round "8.43"]
[White "Amelang, Thomas"]
[Black "Würsig, Mathias"]
[Result "1-0"]
[WhiteElo "2176"]
[BlackElo "1861"]
[PlyCount "55"]
[EventDate "2009.??.??"]
[WhiteTeam "SK Siemens München"]
[BlackTeam "SV Blau-Gelb 1899 Hosena e.V."]

1. e4 d6 2. d4 Nf6 3. Nc3 g6 4. Nf3 Bg7 5. h3 Nbd7 6. Be3 O-O 7. g4 c5 8. g5
Nh5 9. Be2 Bh8 10. Qd2 Ng7 11. h4 cxd4 12. Nxd4 Nc5 13. h5 Nge6 14. hxg6 fxg6
15. Bc4 Qc7 16. Nd5 Qd7 17. Nf4 Bxd4 18. Qxd4 Rf7 19. Qd5 Qe8 20. Rh6 Qc6 21.
O-O-O Qxd5 22. Bxd5 Kf8 23. Nxg6+ Ke8 24. Ne5 Rg7 25. g6 hxg6 26. Nxg6 Nc7 27.
Rh8+ Kd7 28. Nf8+ 1-0

[Event "Lichtenberger Sommer"]
[Site "Berlin"]
[Date "2009.08.22"]
[Round "8.44"]
[White "Forster, Manfred"]
[Black "Elsing, Jan"]
[Result "0-1"]
[WhiteElo "1636"]
[BlackElo "2151"]
[PlyCount "93"]
[EventDate "2009.??.??"]
[WhiteTeam "SK Singen"]
[BlackTeam "SC Friesen Lichtenberg e.V."]

1. d4 d5 2. e4 dxe4 3. Nc3 Nf6 4. f3 exf3 5. Qxf3 c6 6. Bd3 Bg4 7. Qf2 Nbd7 8.
Nge2 Bxe2 9. Nxe2 e5 10. c3 e4 11. Bc4 Bd6 12. Bg5 h6 13. Bh4 Qc7 14. O-O-O Rf8
15. Rhf1 O-O-O 16. Qf5 Kb8 17. Bg3 Nb6 18. Bb3 Nbd5 19. Qf2 Ng4 20. Qg1 Nde3
21. Nf4 g5 22. Nh5 f5 23. Bxd6 Qxd6 24. h3 Nxf1 25. Rxf1 Nf6 26. Ng7 Nd5 27.
Nxf5 Qg6 28. g4 Nf4 29. Qe3 Rde8 30. Bc2 Nd5 31. Qg3+ Ka8 32. Re1 Re6 33. a3
Rfe8 34. c4 Nf4 35. Qb3 Nd3+ 36. Bxd3 exd3 37. Rd1 Re1 38. Qxd3 Qe6 39. d5 cxd5
40. cxd5 Rxd1+ 41. Qxd1 Qe5 42. d6 Rc8+ 43. Kd2 Rc4 44. d7 Qd5+ 45. Ke2 Re4+
46. Ne3 Rxe3+ 47. Kxe3 0-1

[Event "Lichtenberger Sommer"]
[Site "Berlin"]
[Date "2009.08.22"]
[Round "8.45"]
[White "Kohlmeyer, Dagobert"]
[Black "Wasem, Ralph"]
[Result "0-1"]
[WhiteElo "1912"]
[BlackElo "2133"]
[PlyCount "112"]
[EventDate "2009.??.??"]
[WhiteTeam "SC Rochade e.V."]
[BlackTeam "SK Landau"]

1. e4 c5 2. Nf3 e6 3. d4 cxd4 4. Nxd4 Nc6 5. Nc3 Qc7 6. Ndb5 Qb8 7. Be3 a6 8.
Nd4 Bb4 9. Qd2 Nf6 10. f3 d5 11. Nxc6 bxc6 12. O-O-O e5 13. exd5 cxd5 14. Bg5
Be6 15. Bxf6 gxf6 16. Qh6 Bxc3 17. bxc3 Ke7 18. Bd3 Qc7 19. Kd2 Rac8 20. Rb1
Qxc3+ 21. Ke2 Rb8 22. g4 e4 23. fxe4 dxe4 24. Bxe4 Bxg4+ 25. Kf2 Rhd8 26. Bd3
Be6 27. Qe3 Rb4 28. Rxb4 Qxb4 29. Re1 a5 30. Qe4 Rd4 31. Qe3 h5 32. a3 Qd6 33.
Kg1 Rg4+ 34. Kh1 Kd8 35. Be2 Rh4 36. Qf2 Bd5+ 37. Kg1 Rf4 38. Qa7 Re4 39. Qxa5+
Qc7 40. Qxc7+ Kxc7 41. h4 Rf4 42. Bxh5 Kd6 43. Rd1 Ke5 44. Re1+ Kd4 45. Re7
Rxh4 46. Bxf7 Be4 47. Kf2 Rh2+ 48. Kg3 Rxc2 49. a4 Rc3+ 50. Kh2 Ra3 51. Be8 f5
52. Rd7+ Ke3 53. Re7 Kf4 54. Kg1 Kf3 55. Rc7 Ra1+ 56. Kh2 Kf2 0-1

[Event "Lichtenberger Sommer"]
[Site "Berlin"]
[Date "2009.08.22"]
[Round "8.46"]
[White "Casny, Guenter"]
[Black "Hertwig, Christopher"]
[Result "0-1"]
[WhiteElo "1865"]
[BlackElo "2063"]
[PlyCount "38"]
[EventDate "2009.??.??"]
[WhiteTeam "SC Rochade e.V."]
[BlackTeam "SK König Tegel 1949 e.V."]

1. c4 Nf6 2. Nc3 d5 3. cxd5 Nxd5 4. Nf3 g6 5. g3 Bg7 6. Bg2 O-O 7. O-O c5 8.
Nxd5 Qxd5 9. d3 Nc6 10. Nd2 Qh5 11. Nb3 Bh3 12. Re1 Rad8 13. Bxh3 Qxh3 14. Nxc5
Bd4 15. Ne4 Ne5 16. Ng5 Bxf2+ 17. Kxf2 Qxh2+ 18. Kf1 Ng4 19. Ne4 Qh1# 0-1

[Event "Lichtenberger Sommer"]
[Site "Berlin"]
[Date "2009.08.22"]
[Round "8.47"]
[White "Hahlbohm, Matthias"]
[Black "Batschari, Alexander"]
[Result "1-0"]
[WhiteElo "2084"]
[BlackElo "1808"]
[PlyCount "65"]
[EventDate "2009.??.??"]
[WhiteTeam "TSG Oberschöneweide e.V."]
[BlackTeam "SV Königsjäger Süd-West e.V."]

1. e4 e5 2. Nf3 Nc6 3. Bb5 a6 4. Ba4 Nf6 5. O-O Nxe4 6. Re1 Nc5 7. Bxc6 dxc6 8.
d4 Ne6 9. Nxe5 Be7 10. c3 O-O 11. Nd2 c5 12. Ndf3 cxd4 13. cxd4 Qd5 14. Be3 b5
15. Qc2 Bb7 16. a3 Bd6 17. Rad1 f6 18. Re2 Rad8 19. Nd3 Qh5 20. Nde1 Rfe8 21.
h3 Kh8 22. Red2 Bf4 23. Qc3 Bxe3 24. fxe3 Be4 25. Rc1 c6 26. Rf2 Rc8 27. b4 Nc7
28. Nd3 Nd5 29. Nf4 Nxc3 30. Nxh5 Bxf3 31. Nf4 Rxe3 32. Rxf3 Rce8 33. Rxc3 1-0

[Event "Lichtenberger Sommer"]
[Site "Berlin"]
[Date "2009.08.22"]
[Round "8.48"]
[White "Gülke, Volker"]
[Black "Kazman, Caner"]
[Result "1-0"]
[WhiteElo "2168"]
[BlackElo "1941"]
[PlyCount "101"]
[EventDate "2009.??.??"]
[WhiteTeam "SV Eutin von 1875"]
[BlackTeam "SV Empor Berlin e.V."]

1. e4 d6 2. f4 Nf6 3. d3 g6 4. Nf3 Bg7 5. Be2 c5 6. O-O Nc6 7. c3 e6 8. a4 b6
9. Na3 Bb7 10. Qe1 d5 11. e5 Nd7 12. Nb5 Bf8 13. d4 a6 14. Na3 c4 15. Nc2 h6
16. Ne3 Na5 17. Bd1 Be7 18. Bc2 Nf8 19. g4 h5 20. h3 hxg4 21. hxg4 Bc8 22. Kg2
Rg8 23. Rh1 Nd7 24. g5 Bb7 25. Ng4 Qc7 26. Nh6 Rg7 27. Ng4 O-O-O 28. Nf6 Bxf6
29. gxf6 Rgg8 30. Ng5 Nb8 31. Rh7 Rdf8 32. Nxe6 Qd7 33. Nxf8 Rxf8 34. Qh4 Qe8
35. f5 gxf5 36. Bxf5+ Kd8 37. Bh6 Rh8 38. Rxh8 Qxh8 39. e6 Qg8+ 40. Kf2 Nac6
41. e7+ Ke8 42. Rg1 Qh8 43. Qg5 Nxe7 44. fxe7 Nd7 45. Qg8+ Qxg8 46. Bxd7+ Kxd7
47. Rxg8 Kxe7 48. Bf8+ Ke6 49. Kg3 Bc6 50. a5 bxa5 51. Kf4 1-0

[Event "Lichtenberger Sommer"]
[Site "Berlin"]
[Date "2009.08.22"]
[Round "8.49"]
[White "Krajewski, Wolfgang"]
[Black "Nagel, Gerhard"]
[Result "1-0"]
[WhiteElo "2131"]
[BlackElo "1950"]
[PlyCount "79"]
[EventDate "2009.??.??"]
[WhiteTeam "SK Zehlendorf e.V."]
[BlackTeam "SC Einheit Bautzen"]

1. d4 d5 2. c4 c6 3. Nc3 Nf6 4. e3 Bf5 5. cxd5 Nxd5 6. Qf3 Bg6 7. e4 Nb4 8. Qd1
Qxd4 9. a3 Qxd1+ 10. Kxd1 N4a6 11. Be3 e6 12. b4 Be7 13. f3 O-O 14. Bc4 Nc7 15.
g4 a6 16. Nge2 Nb5 17. Kc2 Nxc3 18. Nxc3 Nd7 19. h4 Ne5 20. Be2 h5 21. Rag1
Rfd8 22. f4 Nxg4 23. Bxg4 hxg4 24. h5 Bh7 25. h6 g6 26. Rxg4 Bf6 27. e5 Be7 28.
Ne4 Rd5 29. Kb2 Rd3 30. Bc5 Bd8 31. Rg3 Rd7 32. Bd6 b6 33. Rc3 Rc8 34. Rhc1 f5
35. Ng5 Rxd6 36. exd6 Bf6 37. d7 Rd8 38. Rd1 Bxg5 39. fxg5 Kf7 40. Rxc6 1-0

[Event "Lichtenberger Sommer"]
[Site "Berlin"]
[Date "2009.08.22"]
[Round "8.50"]
[White "Schmidt, Jürgen"]
[Black "Penner, Markus"]
[Result "1/2-1/2"]
[WhiteElo "2035"]
[BlackElo "1886"]
[PlyCount "73"]
[EventDate "2009.??.??"]
[WhiteTeam "SC Kreuzberg e.V."]
[BlackTeam "SK Zehlendorf e.V."]

1. e4 e5 2. Nf3 Nc6 3. Bb5 a6 4. Ba4 Nf6 5. O-O Be7 6. Re1 b5 7. Bb3 O-O 8. a4
Bb7 9. Nc3 b4 10. Nd5 d6 11. c3 bxc3 12. bxc3 Nxd5 13. Bxd5 Rb8 14. Qe2 a5 15.
d3 Bf6 16. Be3 Qd7 17. Reb1 Ba6 18. Qc2 Ne7 19. Ba2 Ng6 20. h3 h6 21. d4 Rfe8
22. Rxb8 Rxb8 23. Re1 exd4 24. cxd4 c5 25. e5 dxe5 26. dxe5 Nxe5 27. Nxe5 Bxe5
28. Qxc5 Bc7 29. Rc1 Bb6 30. Qc6 Qxc6 31. Rxc6 Bxe3 32. fxe3 Bd3 33. Rc7 Bg6
34. Rc5 Be4 35. Bd5 Rb1+ 36. Kh2 Rb4 37. Bxe4 1/2-1/2

[Event "Lichtenberger Sommer"]
[Site "Berlin"]
[Date "2009.08.22"]
[Round "8.51"]
[White "Inngauer, Wolfram"]
[Black "Körner, Helmut"]
[Result "0-1"]
[WhiteElo "1898"]
[BlackElo "1947"]
[PlyCount "94"]
[EventDate "2009.??.??"]
[WhiteTeam "CFC Hertha 06 e.V."]
[BlackTeam "Sfr.Nord-Ost Berlin"]

1. d4 Nf6 2. Nc3 d5 3. Bg5 c6 4. f3 Qd6 5. Qd2 e5 6. dxe5 Qxe5 7. Bf4 Qe6 8. g3
Nbd7 9. Bh3 Qe7 10. O-O-O Ne5 11. Bxe5 Qxe5 12. f4 Qc7 13. Bxc8 Rxc8 14. Nf3
Bb4 15. Qe3+ Qe7 16. Rd3 O-O 17. Qxe7 Bxe7 18. a3 Rfe8 19. Nd1 Bc5 20. e3 Re7
21. Nd4 g6 22. Nf2 Rce8 23. Nd1 Ng4 24. b4 Bb6 25. a4 Nxe3 26. Nxe3 Rxe3 27.
Rhd1 Rxd3 28. Rxd3 Bxd4 29. Rxd4 Re4 30. c3 Rxd4 31. cxd4 Kf8 32. Kd2 Ke7 33.
Ke3 Ke6 34. a5 h5 35. h3 Kd6 36. f5 b6 37. axb6 axb6 38. g4 hxg4 39. fxg6 fxg6
40. hxg4 c5 41. dxc5+ bxc5 42. bxc5+ Kxc5 43. Kd3 d4 44. Kd2 Kd5 45. Kd3 g5 46.
Kd2 Ke4 47. Ke2 Kf4 0-1

[Event "Lichtenberger Sommer"]
[Site "Berlin"]
[Date "2009.08.22"]
[Round "8.52"]
[White "Alvarez, Luis"]
[Black "Jabbusch, Burkhard"]
[Result "0-1"]
[WhiteElo "1870"]
[BlackElo "2017"]
[PlyCount "55"]
[EventDate "2009.??.??"]
[WhiteTeam "Schachclub Zug um Zug Everswinke"]
[BlackTeam "FHSG Stralsund"]

1. e4 c5 2. Nf3 Nc6 3. c3 g6 4. d4 cxd4 5. cxd4 d6 6. h3 Bg7 7. Be3 e6 8. Nc3
Nge7 9. Bd3 O-O 10. Qd2 Nb4 11. Bb1 f5 12. Bg5 Qd7 13. O-O b6 14. a3 Na6 15. d5
e5 16. exf5 gxf5 17. Bh6 Rf6 18. Bxg7 Kxg7 19. Qg5+ Rg6 20. Qh5 h6 21. Bc2 Nc7
22. Rad1 Bb7 23. Bb3 Rf8 24. Rd2 e4 25. Ne1 Ba6 26. Nc2 Bxf1 27. Kxf1 Rg5 28.
Qh4 0-1

[Event "Lichtenberger Sommer"]
[Site "Berlin"]
[Date "2009.08.22"]
[Round "8.53"]
[White "Mai, Andreas"]
[Black "Wege, Hermann"]
[Result "1/2-1/2"]
[WhiteElo "1950"]
[BlackElo "1965"]
[PlyCount "73"]
[EventDate "2009.??.??"]
[WhiteTeam "SC Friesen Lichtenberg e.V."]
[BlackTeam "Schachclub Rathenow e.V."]

1. e4 e6 2. d4 c5 3. Nf3 cxd4 4. Nxd4 Qb6 5. Nb3 Qc7 6. Bd3 Nf6 7. O-O Be7 8.
Nc3 a6 9. f4 d6 10. Be3 b5 11. g4 Bb7 12. g5 Nfd7 13. Qg4 Nc6 14. Rac1 Nc5 15.
a3 b4 16. Nxc5 bxc3 17. Na4 cxb2 18. Nxb2 Bc8 19. Nc4 Rb8 20. Rb1 Rxb1 21. Rxb1
O-O 22. Nb6 Bb7 23. h4 Rb8 24. h5 Bc8 25. g6 fxg6 26. hxg6 h6 27. Qe2 a5 28.
Bc4 Kh8 29. Qf1 Bf6 30. Nxc8 Qxc8 31. Rxb8 Nxb8 32. Bb3 Qc3 33. Kf2 Nc6 34. Qa6
Bh4+ 35. Kf3 Qe1 36. Bxe6 h5 37. Bd5 1/2-1/2

[Event "Lichtenberger Sommer"]
[Site "Berlin"]
[Date "2009.08.22"]
[Round "8.54"]
[White "Tiemer, Klaus"]
[Black "Kujawa, Werner"]
[Result "1-0"]
[WhiteElo "1883"]
[BlackElo "1885"]
[PlyCount "69"]
[EventDate "2009.??.??"]
[WhiteTeam "TSG Oberschöneweide e.V."]
[BlackTeam "SV Motor Wildau e.V."]

1. d4 Nf6 2. c4 e6 3. Nf3 b6 4. a3 Bb7 5. Nc3 d5 6. cxd5 Nxd5 7. e3 Be7 8. Bd3
c5 9. e4 Nxc3 10. bxc3 a6 11. Qe2 Qc7 12. O-O Nd7 13. Bb2 O-O 14. Rad1 Rfe8 15.
a4 Nf8 16. g3 c4 17. Bc2 b5 18. Ne5 Ng6 19. f4 Nxe5 20. fxe5 Bf8 21. Bc1 b4 22.
cxb4 Bxb4 23. Bg5 a5 24. Rf4 Rac8 25. Qh5 Bf8 26. Rh4 h6 27. Be3 Qe7 28. Rf1 g6
29. Qg4 Kh7 30. Rf6 Bg7 31. Qg5 Qf8 32. Qg4 Bxf6 33. exf6 h5 34. e5 Bd5 35.
Qxh5+ 1-0

[Event "Lichtenberger Sommer"]
[Site "Berlin"]
[Date "2009.08.22"]
[Round "8.55"]
[White "Bockelmann, Rolf"]
[Black "Baranowsky, Peter"]
[Result "0-1"]
[WhiteElo "1824"]
[BlackElo "1935"]
[PlyCount "78"]
[EventDate "2009.??.??"]
[WhiteTeam "SG Lasker Steglitz-Wilmersdorf"]
[BlackTeam "Sfrd. Berlin 1903 e.V."]

1. e4 d6 2. d4 c6 3. f4 g6 4. Nc3 Bg7 5. Nf3 Qc7 6. Bc4 b5 7. Bd3 Bb7 8. O-O
Nd7 9. Qe2 a6 10. e5 c5 11. Be4 cxd4 12. Bxb7 Qxb7 13. Nxd4 dxe5 14. fxe5 Nxe5
15. Be3 Nc4 16. Qf2 Nf6 17. Bc1 O-O 18. h3 Rad8 19. Nce2 Ne4 20. Qf3 Rxd4 21.
Nxd4 Bxd4+ 22. Kh1 Be5 23. Bf4 Bxf4 24. Qxf4 e5 25. Qh4 h5 26. Kh2 Ncd2 27.
Rfe1 Kg7 28. Re3 Kh6 29. Rd1 f5 30. Rd3 f4 31. R3xd2 Nxd2 32. Rxd2 e4 33. Qe1
e3 34. Rd3 Qc7 35. Qb4 f3+ 36. g3 Qf7 37. Rxe3 f2 38. Re7 f1=N+ 39. Kg1 Qf2+
0-1

[Event "Lichtenberger Sommer"]
[Site "Berlin"]
[Date "2009.08.22"]
[Round "8.56"]
[White "Muskewitz, Bernd"]
[Black "Ritter, Uwe"]
[Result "1-0"]
[WhiteElo "2004"]
[BlackElo "1737"]
[PlyCount "55"]
[EventDate "2009.??.??"]
[WhiteTeam "TSG Oberschöneweide e.V."]
[BlackTeam "Reideburger SV 90 Halle"]

1. d4 e6 2. e4 d5 3. Nc3 dxe4 4. Nxe4 Nf6 5. Nxf6+ Qxf6 6. Nf3 h6 7. Bd3 Bd6 8.
Qe2 Nc6 9. c3 Bd7 10. O-O O-O-O 11. b4 Rdg8 12. b5 Nd8 13. a4 g5 14. Ne5 Qe7
15. c4 f5 16. Nxd7 Qxd7 17. c5 Bxh2+ 18. Kxh2 Qxd4 19. Bb2 Qh4+ 20. Kg1 Rh7 21.
Bf6 Rd7 22. Bxd8 Rgxd8 23. Qxe6 Kb8 24. Bxf5 Rd2 25. g3 Qd4 26. Qe3 Qf6 27. Bg4
Qh8 28. Rad1 1-0

[Event "Lichtenberger Sommer"]
[Site "Berlin"]
[Date "2009.08.22"]
[Round "8.57"]
[White "Keusch, Horst"]
[Black "Albinus, Günter"]
[Result "1-0"]
[WhiteElo "1970"]
[BlackElo "1875"]
[PlyCount "109"]
[EventDate "2009.??.??"]
[WhiteTeam "SC Friesen Lichtenberg e.V."]
[BlackTeam "SG Weißensee 49 e.V."]

1. f4 d5 2. Nf3 Nf6 3. e3 e6 4. Be2 Be7 5. O-O O-O 6. Ne5 c5 7. b3 d4 8. d3
dxe3 9. Bxe3 Nd5 10. Bd2 Bf6 11. c3 Qc7 12. Ng4 Bh4 13. Na3 a6 14. Nc2 Nc6 15.
Rc1 f5 16. Nf2 Bf6 17. d4 cxd4 18. Nxd4 Bxd4 19. cxd4 Nxf4 20. Bf3 Bd7 21. Bb4
Rfe8 22. Re1 Kh8 23. Bc3 Qd6 24. Bb2 Rad8 25. Rc4 Na5 26. Rc5 b6 27. Rc2 Rc8
28. Rd2 Nd5 29. Nd3 Nc6 30. Ne5 Nxe5 31. dxe5 Qc5+ 32. Bd4 Qc7 33. Qe2 b5 34.
Qf2 Bc6 35. Bc5 Qf7 36. Qd4 g5 37. b4 Qg6 38. Bd1 Red8 39. Bd6 Qe8 40. Rd3 Nf4
41. Rg3 h6 42. h4 Nh5 43. Bxh5 Qxh5 44. hxg5 Be4 45. Qb6 Qh4 46. Qe3 f4 47. Rh3
fxe3 48. Rxh4 Bh7 49. Rxh6 Kg7 50. Be7 Rd3 51. Bf6+ Kg8 52. g6 Bxg6 53. Rxg6+
Kh7 54. Rg3 Rcc3 55. Bg5 1-0

[Event "Lichtenberger Sommer"]
[Site "Berlin"]
[Date "2009.08.22"]
[Round "8.58"]
[White "Nauschütz, Ernst"]
[Black "Hohn, August"]
[Result "1/2-1/2"]
[WhiteElo "1839"]
[BlackElo "2069"]
[PlyCount "62"]
[EventDate "2009.??.??"]
[WhiteTeam "Greifswalder SV"]
[BlackTeam "SC Zugzwang 95 e.V."]

1. c4 c6 2. d4 d5 3. e3 Nf6 4. Nf3 Bg4 5. Nc3 e6 6. h3 Bh5 7. Be2 Nbd7 8. O-O
a5 9. b3 Be7 10. Bb2 Qb6 11. Rb1 Bg6 12. Bd3 Qc7 13. Qe2 O-O 14. Bxg6 hxg6 15.
e4 dxe4 16. Nxe4 Qf4 17. Nxf6+ Nxf6 18. g3 Qc7 19. Rfd1 a4 20. Bc3 axb3 21.
Rxb3 Ra7 22. Rdb1 Rfa8 23. R1b2 Ba3 24. Rc2 Qe7 25. Kg2 Bd6 26. Rcb2 Ba3 27.
Rd2 Ra4 28. Ne5 Bb4 29. Bxb4 Rxb4 30. Rdb2 Rxb3 31. Rxb3 Ra7 1/2-1/2

[Event "Lichtenberger Sommer"]
[Site "Berlin"]
[Date "2009.08.22"]
[Round "8.59"]
[White "Bandsom, Olaf"]
[Black "Cerdan Herraez, Manuel Vicente"]
[Result "0-1"]
[WhiteElo "1786"]
[BlackElo "1900"]
[PlyCount "86"]
[EventDate "2009.??.??"]
[WhiteTeam "SC Friesen Lichtenberg e.V."]
[BlackTeam "CIM Benimaclet - Valencia"]

1. e4 e5 2. Nf3 Nf6 3. Nc3 Nc6 4. Bc4 h6 5. O-O Bc5 6. a3 d6 7. h3 Qe7 8. b4
Bd4 9. Nxd4 Nxd4 10. Bb2 Be6 11. Nd5 Bxd5 12. exd5 O-O 13. Bxd4 exd4 14. Re1
Qd7 15. Qf3 b5 16. Bd3 a5 17. Bf5 Qd8 18. Qd3 g6 19. Bxg6 fxg6 20. Qxg6+ Kh8
21. Qxh6+ Nh7 22. bxa5 Qf6 23. Qxf6+ Nxf6 24. c3 dxc3 25. dxc3 Nxd5 26. Rad1
Nxc3 27. Rd4 Rfe8 28. Rh4+ Kg7 29. Rg4+ Kf6 30. Ra1 Rxa5 31. h4 Re4 32. Rxe4
Nxe4 33. Rb1 c5 34. g4 Nd2 35. Rd1 Nf3+ 36. Kh1 Nxh4 37. Rxd6+ Ke5 38. Rh6 Nf3
39. Rh5+ Kd4 40. g5 Rxa3 41. g6 Ra8 42. Kg2 Ne5 43. Rg5 Rg8 0-1

[Event "Lichtenberger Sommer"]
[Site "Berlin"]
[Date "2009.08.22"]
[Round "8.61"]
[White "Scheide, Helmut"]
[Black "Ziems, Michael"]
[Result "1-0"]
[WhiteElo "1971"]
[BlackElo "1743"]
[PlyCount "73"]
[EventDate "2009.??.??"]
[WhiteTeam "USV Potsdam e.V., Abt. Schach"]
[BlackTeam "SV Empor Berlin e.V."]

1. d4 d5 2. c4 e6 3. Nc3 Nf6 4. e3 Be7 5. Nf3 O-O 6. Bd3 c5 7. O-O cxd4 8. exd4
dxc4 9. Bxc4 Nc6 10. Re1 a6 11. Bd3 b5 12. Bg5 Bb7 13. Bb1 Nb4 14. Ne5 Nbd5 15.
Qd3 g6 16. Qh3 Nh5 17. Bxe7 Qxe7 18. Be4 Ndf4 19. Qf3 Bxe4 20. Qxe4 Qg5 21. Re3
b4 22. Na4 Nd5 23. Rf3 Rac8 24. h4 Qe7 25. Nc5 Nhf6 26. Qe2 a5 27. Re1 Qa7 28.
Qd2 Qe7 29. Qg5 Qd8 30. Rg3 h5 31. Nxg6 Ng4 32. Ne7+ Kh7 33. Qxh5+ Nh6 34. Nxc8
Qxc8 35. Qe5 Nf5 36. Rf3 Nde7 37. Ne4 1-0

[Event "Lichtenberger Sommer"]
[Site "Berlin"]
[Date "2009.08.22"]
[Round "8.62"]
[White "Große-Honebrink, Brigitte"]
[Black "Mohr, Horst"]
[Result "1/2-1/2"]
[WhiteElo "1926"]
[BlackElo "1824"]
[PlyCount "72"]
[EventDate "2009.??.??"]
[WhiteTeam "SC Kreuzberg e.V."]
[BlackTeam "SC Caissa Falkensee e.V."]

1. d4 d5 2. Nf3 Nf6 3. c4 c6 4. cxd5 cxd5 5. Nc3 Nc6 6. Bg5 Bf5 7. e3 e6 8. Qb3
Bb4 9. Be2 O-O 10. O-O Bxc3 11. bxc3 Na5 12. Qb4 Rc8 13. Nd2 b6 14. Rac1 h6 15.
Bh4 Nc6 16. Qa3 Qe7 17. Qa4 Na5 18. c4 Qd7 19. Qxd7 Nxd7 20. cxd5 exd5 21. Be7
Rfe8 22. Bb4 Nc4 23. Nxc4 dxc4 24. Bxc4 Rxc4 25. Rxc4 Bd3 26. Rc7 a5 27. Rfc1
axb4 28. Rxd7 Ra8 29. Rb7 b5 30. h3 Rxa2 31. d5 b3 32. d6 b2 33. Rc8+ Kh7 34.
d7 b1=Q+ 35. Kh2 Bf5 36. d8=Q Bxc8 1/2-1/2

[Event "Lichtenberger Sommer"]
[Site "Berlin"]
[Date "2009.08.22"]
[Round "8.63"]
[White "Grassi, Fabrizio"]
[Black "Bender, Sebastian"]
[Result "1-0"]
[WhiteElo "1952"]
[BlackElo "1482"]
[PlyCount "137"]
[EventDate "2009.??.??"]
[WhiteTeam "SV Berlin-Friedrichstadt"]
[BlackTeam "SC Zugzwang 95 e.V."]

1. d4 Nf6 2. Bf4 d5 3. e3 Bf5 4. c4 e6 5. Nc3 c6 6. Nf3 Bb4 7. Qb3 Qb6 8. Rc1
Ne4 9. Be2 Bxc3+ 10. bxc3 Qxb3 11. axb3 dxc4 12. Bxc4 Nd7 13. Nd2 Nxd2 14. Kxd2
O-O 15. Ra1 Nb6 16. Be2 Nd5 17. Bg3 Rfd8 18. Rhc1 Nf6 19. Ke1 Ne4 20. Bf4 g5
21. Bg3 Bg6 22. c4 h5 23. Bc7 Rd7 24. Bb6 a6 25. f3 Nd6 26. Kf2 Kg7 27. Ba5 Nc8
28. Be1 b6 29. b4 Rda7 30. Ra2 f5 31. Bc3 Kh6 32. Rd1 Ne7 33. Bd3 g4 34. Bc2
Rd7 35. Bb3 Bf7 36. Re1 Kg6 37. Rae2 Ng8 38. e4 f4 39. Rd1 Nf6 40. Bb2 Rad8 41.
e5 Ne8 42. Ba4 b5 43. cxb5 cxb5 44. Bc2+ Kg5 45. Be4 Bg6 46. Bxg6 Kxg6 47. Re4
Rc8 48. Bc1 Rc2+ 49. Bd2 Nc7 50. fxg4 hxg4 51. Rxf4 Nd5 52. Rxg4+ Kf5 53. Kf3
Rxd2 54. Rxd2 Nxb4 55. Rf4+ Kg5 56. Rf6 Nc6 57. Rxe6 Nxd4+ 58. Rxd4 Rxd4 59.
Rxa6 Kf5 60. e6 Kf6 61. Rb6 Rd5 62. g4 Ke7 63. h4 Rc5 64. h5 Rc3+ 65. Kf4 Rc4+
66. Kg5 Rc5+ 67. Kg6 Rc4 68. g5 b4 69. h6 1-0

[Event "Lichtenberger Sommer"]
[Site "Berlin"]
[Date "2009.08.22"]
[Round "8.64"]
[White "Prix, Siegfried"]
[Black "Getzuhn, Detlef"]
[Result "1/2-1/2"]
[WhiteElo "1803"]
[BlackElo "1957"]
[PlyCount "119"]
[EventDate "2009.??.??"]
[WhiteTeam "Sfrd. Berlin 1903 e.V."]
[BlackTeam "SV Senat e.V."]

1. e4 c5 2. c4 Nc6 3. Nf3 g6 4. d4 cxd4 5. Nxd4 Bg7 6. Be3 Nf6 7. Nc3 Ng4 8.
Nxc6 Nxe3 9. Nxd8 Nxd1 10. Rxd1 Kxd8 11. Be2 Bxc3+ 12. bxc3 b6 13. f4 Bb7 14.
Bf3 Rc8 15. Rd4 Rc5 16. Kd2 Kc7 17. Kc2 d6 18. Rhd1 f5 19. g3 Rf8 20. Bh1 Bc6
21. R1d2 Rc8 22. Bg2 Kb8 23. exf5 Bxg2 24. Rxg2 gxf5 25. Kd3 R8c7 26. Re2 Kc8
27. Re6 b5 28. cxb5 Rxc3+ 29. Ke2 Rc2+ 30. Rd2 Kd7 31. Rh6 R7c4 32. Rxh7 Rxd2+
33. Kxd2 Ra4 34. h4 Rxa2+ 35. Kc3 Ra3+ 36. Kb4 Rxg3 37. h5 Rg4 38. Ka5 Rxf4 39.
h6 d5 40. Ka6 Ra4+ 41. Kb7 d4 42. Rg7 d3 43. Rg3 Rd4 44. h7 d2 45. h8=Q d1=Q
46. Qc8+ Kd6 47. Qxf5 Qh1+ 48. Kxa7 Qe1 49. Rg6+ e6 50. Qf8+ Kd5 51. Qd8+ Kc4
52. Qb6 Rd7+ 53. Kb8 Qe5+ 54. Kc8 Rd6 55. Qc7+ Kb3 56. Rg8 Qd4 57. Rd8 Rxd8+
58. Qxd8 Qc5+ 59. Kd7 Qxb5+ 60. Kxe6 1/2-1/2

[Event "Lichtenberger Sommer"]
[Site "Berlin"]
[Date "2009.08.22"]
[Round "8.65"]
[White "Hahn, Thomas"]
[Black "Schneider, Eckehard"]
[Result "1-0"]
[WhiteElo "1826"]
[BlackElo "1787"]
[PlyCount "53"]
[EventDate "2009.??.??"]
[WhiteTeam "SC Empor Potsdam 1952 e.V."]
[BlackTeam "Sfrd. Berlin 1903 e.V."]

1. d4 Nf6 2. Bf4 g6 3. Nf3 Bg7 4. e3 d6 5. Bd3 O-O 6. Nbd2 Nbd7 7. O-O Re8 8.
Bg5 c5 9. c3 cxd4 10. exd4 e5 11. dxe5 dxe5 12. Ne4 Qc7 13. Qa4 Rd8 14. Rad1
Qc6 15. Bb5 Qxe4 16. Qxe4 Nxe4 17. Bxd8 Nf8 18. Bc7 Bg4 19. Rd8 Rxd8 20. Bxd8
Bxf3 21. gxf3 Nd2 22. Rd1 Nxf3+ 23. Kg2 e4 24. Bc4 Be5 25. h3 Kg7 26. Be7 Ne6
27. Bxe6 1-0

[Event "Lichtenberger Sommer"]
[Site "Berlin"]
[Date "2009.08.22"]
[Round "8.66"]
[White "Kapp, Frank"]
[Black "Kriese, Ralf"]
[Result "0-1"]
[WhiteElo "1824"]
[BlackElo "1639"]
[PlyCount "98"]
[EventDate "2009.??.??"]
[WhiteTeam "TSV IFA Chemnitz"]
[BlackTeam "Greifswalder SV"]

1. d4 d5 2. c4 e6 3. Nc3 Nf6 4. Bf4 c6 5. e3 Nbd7 6. Nf3 Be7 7. Bd3 O-O 8. Qc2
dxc4 9. Bxc4 Nb6 10. Bb3 Nbd5 11. Be5 b6 12. O-O Bb7 13. Nxd5 cxd5 14. Bxf6
Bxf6 15. Qd3 Qd6 16. Rfc1 Rfc8 17. a3 Rc7 18. Rxc7 Qxc7 19. Qc3 Qxc3 20. bxc3
Rc8 21. Rc1 Ba6 22. g4 Kf8 23. g5 Be7 24. h4 Be2 25. Kg2 a5 26. Bd1 Bxd1 27.
Rxd1 Rxc3 28. Rb1 Bd8 29. Ne5 Ke8 30. a4 f6 31. gxf6 gxf6 32. Ng4 Ra3 33. Rc1
Kd7 34. f4 Rxa4 35. Kf3 b5 36. Nf2 Rc4 37. Rg1 a4 38. Nd3 Be7 39. Rg7 a3 40.
Nc5+ Rxc5 41. dxc5 a2 42. Rg1 b4 43. Ke2 b3 44. Ra1 f5 45. Kd3 Bf6 46. Rg1 b2
47. Kc2 a1=Q 48. Rb1 Qa4+ 49. Kd3 Qe4+ 0-1

[Event "Lichtenberger Sommer"]
[Site "Berlin"]
[Date "2009.08.22"]
[Round "8.67"]
[White "Krusemark, Gerhard"]
[Black "Rickmann, David"]
[Result "0-1"]
[WhiteElo "1858"]
[BlackElo "1763"]
[PlyCount "60"]
[EventDate "2009.??.??"]
[WhiteTeam "TSG Rot-Weiß Fredersdorf/Vogelsd"]
[BlackTeam "SG Aufbau Elbe Magdeburg"]

1. e4 d5 2. exd5 Qxd5 3. Nc3 Qd6 4. d4 Nf6 5. Nf3 a6 6. g3 Nc6 7. Bg2 Bg4 8.
Be3 O-O-O 9. O-O e5 10. h3 Bh5 11. g4 Bg6 12. Ne2 h5 13. g5 Nd5 14. dxe5 Nxe5
15. Nxe5 Qxe5 16. Qd4 Bd6 17. Rfd1 Nxe3 18. Qxe3 Qxe3 19. fxe3 Bxc2 20. Rdc1
Bf5 21. Nd4 Bg6 22. Rc4 Rhe8 23. Kf2 h4 24. Ne2 Re5 25. Rg1 Be7 26. Rgc1 Rd7
27. Bf3 Bxg5 28. R1c3 Bd3 29. Rb4 Bxe3+ 30. Ke1 Bxe2 0-1